Teología catecumenal

Sábháilte in:
Sonraí bibleagrafaíochta
Príomhchruthaitheoir: Bourgeois, Henri
Formáid: LEABHAR
Teanga:Spáinnis
Foilsithe / Cruthaithe: Barcelona, España Centre de Pastoral Litúrgica 2007
Sraith:Biblioteca Litúrgica. 31
Ábhair:
Clibeanna: Cuir clib leis
Níl clibeanna ann, Bí ar an gcéad duine le clib a chur leis an taifead seo!

MARC

LEADER 00000cam a2200000 a 4500
001 UCE8843
003 CL-VaPUC
005 20210303001542.0
008 150904e20070000sp |||||||||||||||||spa|d
999 |c 360612  |d 360610 
020 |a 9788498052138 
040 |c Pontificia Universidad Católica de Valparaíso 
082 0 4 |a 266 BOU 2007  |2 21 
100 0 |a Bourgeois, Henri  |9 581591 
245 1 0 |a Teología catecumenal 
260 0 3 |a Barcelona, España  |b Centre de Pastoral Litúrgica  |c 2007 
300 |a 334 páginas 
490 0 |a Biblioteca Litúrgica.  |v 31 
583 |a last modification  |c 20150904 11:50:00  |k Rodrigo Vera 
650 7 |a EVANGELIZACION  |2 CL-VaPUC  |9 581592 
650 0 |a Teología pastoral   |9 257832 
942 |c BK  |2 ddc 
945 |d 20150904 11:50:00  |a gsalatino 
952 |0 0  |1 0  |2 ddc  |3 erb  |4 0  |6 266_000000000000000_BOU_2007  |7 0  |8 A  |9 470488  |a BIBTEO  |b BIBTEO  |i 5196396  |o 266 BOU 2007  |p 5196396  |r 2025-01-17  |t 1  |w 2019-11-23  |y BK  |z Catalogado en:20150904  |k ICR